000
00306nam a22001337a 4500
008
210303b ||||| |||| 00| 0 eng d
020
_a
9781285428949
041
_a
eng
080
_2
9th
_a
574
100
_a
9
101
_a
MJE
245
_a
The Legal Environment of Business
_c
Cross,B.F
942
_2
udc
_c
BK
999
_c
55642
_d
55642